| 000 | 01003nam a22003017a 4500 | ||
|---|---|---|---|
| 001 | 0007917 | ||
| 003 | KOHA_MİRAKIL | ||
| 005 | 20260207001615.0 | ||
| 007 | ta | ||
| 008 | 091006b2007 tu |||gr||||#||||0|tur | | ||
| 020 |
_a9789754403558 _c0,01 |
||
| 040 |
_aTR-BiSEU _btur _cTR-BiSEU _erda |
||
| 041 | 0 | _atur | |
| 044 | _ctu | ||
| 050 |
_aHF5551 _b.K37 2007 |
||
| 100 | 1 | _aKarakaya, Şakir. | |
| 245 | 1 |
_aKOBİ'lerde Eğitim ve Danışmanlık İhtiyaçları Analizi/ _cŞakir Karakaya ; Şakir Karakaya, Selin Sünerin, Gamze Öztürk. |
|
| 264 | 1 |
_aAnkara : _bMPM Yayınları _c2007 |
|
| 300 | _a86 sayfa: tablo, grafik | ||
| 336 |
_ametin _btxt _2rdacontent |
||
| 337 |
_aaracısız _bn _2rdamedia |
||
| 338 |
_acilt _bnc _2rdacarrier |
||
| 490 | 1 |
_aMilli Prodoktivite Merkezi Yayınları No ; _v695. |
|
| 500 | _aKaynakça var. | ||
| 650 | 0 |
_aKüçük işletmeler-- Hizmet içi eğitim. _919627 |
|
| 830 | 1 |
_aMilli Prodoktivite Merkezi Yayınları No ; _v695. _919628 |
|
| 942 |
_2lcc _cBK |
||
| 999 |
_c7893 _d7893 |
||